00893 2200169 4500245007500000020002200075250001000097100001900107650001600126005001900142260004300161041001400204084001000218300002200228500046400250336000900714 aMan Jadda Wajada b : The Art of Excellent LifecAkbar ZainudinhText a978-979-22-5317-7 aCet.1 aAkbar Zainudin aNovel Fiksi a20250131111702 aJakartabGranmedia Pustaka Utamac2010 aIndonesia a297.5 a280 hlm. :c21 cm aRangkaian kata memiliki dahsyat dalam membentuk kehidupan, apalagi bila disertai strategi praktisnya. Man Jadda Wajada, siapa yang serius pasti sukses, adalah salah satunya, dan buku ini menjabarkan prinsip umum maupun strategi praktisnya. Ribuan orang telah menjiwai semangat dari rangkaian kata sederhana itu. Banyak insan yang menjadi sukses mulia karenanya. Mereka tahu, sukses adalah pilihan, bukan kebetulan, dan buku ini akan memandu Anda meraihnya. atext